Robert Frost /

Bibliographic Details
Main Author: Thompson, Lawrance, 1906-1973
Format: Book
Language:English
Published: New York : Holt, Rinehart and Winston, [1966-76]
Edition:[1st ed.].
Subjects:

MARC

Tag First Indicator Second Indicator Subfields
LEADER 00000cam a22000001 4500
001 in00000447647
005 20151012161314.0
008 711012m19669999nyuac b 00010beng
010 |a  66020523  
035 |a (OCoLC)00740128 
035 |9 ABZ4067AM 
040 |a DLC  |c DLC  |d TXA  |d UtOrBLW 
049 |a TXAM  |c 1  |v 1 [911013]  |v 3 [1573224]  |c 2  |v 1 [466538] 
050 0 0 |a PS3511.R94  |b Z953 
082 0 |a 811.52  |a B 
100 1 |a Thompson, Lawrance,  |d 1906-1973. 
245 1 0 |a Robert Frost /  |c by Lawrance Thompson. 
250 |a [1st ed.]. 
264 1 |a New York :  |b Holt, Rinehart and Winston,  |c [1966-76] 
300 |a 3 volumes :  |b illustrations, portraits ;  |c 24 cm. 
336 |a text  |b txt  |2 rdacontent 
337 |a unmediated  |b n  |2 rdamedia 
338 |a volume  |b nc  |2 rdacarrier 
504 |a Includes bibliographical references. 
505 0 |a [1] The early years, 1874-1915.--[2] The years of triumph, 1915-1938.--The later years, 1938-1963. 
600 1 0 |a Frost, Robert,  |d 1874-1963. 
999 |a MARS 
999 f f |s c9a496a0-96f7-3163-94d0-220b560fbf8e  |i 08104e35-69d4-31cb-b01a-3476e7561c4b  |t 0 
952 f f |p ric  |a Texas A&M University  |b Rellis Campus  |c Joint Library Facility  |d Remote Storage  |t 0  |e PS3511.R94 Z953  |h Library of Congress classification  |i unmediated -- volume  |k v.3  |m A14804089134 
952 f f |p ric  |a Texas A&M University  |b Rellis Campus  |c Joint Library Facility  |d Remote Storage  |t 0  |e PS3511.R94 Z953  |h Library of Congress classification  |i unmediated -- volume  |k v.1  |m A14804089126 
998 f f |a PS3511.R94 Z953  |s v3  |t 0  |l Remote Storage